| 000 | 00634nam a22001937a 4500 | ||
|---|---|---|---|
| 005 | 20251229161744.0 | ||
| 008 | 251229b |||||||| |||| 00| 0 eng d | ||
| 037 | _cTB | ||
| 040 |
_aAL _cAL |
||
| 041 |
_2pun _apun |
||
| 084 | _qAL | ||
| 100 |
_aਪ੍ਰੇਮ ਪ੍ਰਕਾਸ਼ _9860213 |
||
| 245 | _aਕੁਝ ਅਣਕਿਹ | ||
| 260 |
_aਲੁਧਿਆਣਾ, ਭਾਰਤ: _bਲਾਹੌਰ ਬੁੱਕ ਸ਼ੋਪ , _c1990. |
||
| 300 | _a204 ਪ. | ||
| 365 |
_b60.00 _cINR |
||
| 942 |
_2CC _n0 _cTB |
||
| 999 |
_c1466594 _d1466594 |
||